[Event "Chigorin Memorial 29th"]
[Site "St Petersburg"]
[Date "2022.10.29"]
[Round "8"]
[White "Kudryashova, Sofiya"]
[Black "Shevtsov, Demyan"]
[Result "0-1"]
[WhiteElo "1133"]
[BlackElo "1363"]
[PlyCount "74"]
[EventDate "2022.10.22"]
[EventType "swiss"]
[EventRounds "9"]
[EventCountry "RUS"]
[SourceTitle "EXT 2024"]
[Source "ChessBase"]
[SourceDate "2023.10.10"]
[SourceVersion "1"]
[SourceVersionDate "2023.10.10"]
[SourceQuality "1"]

1. d4 d5 2. Nf3 Nf6 3. c4 e6 4. g3 Bb4+ 5. Bd2 Be7 6. Bg2 0-0 7. Nc3 dxc4 8. Qa4 a6 9. Qxc4 b5 10. Qd3 Bb7 11. a3 c5 12. 0-0 Nc6 13. e3 Qb6 14. dxc5 Bxc5 15. b4 Be7 16. Qe2 Rfd8 17. Rfd1 Rac8 18. Rac1 h6 19. e4 e5 20. Be3 Nd4 21. Bxd4 exd4 22. Nd5 Nxd5 23. Rxc8 Nc3 24. Rxc3 dxc3 25. Rxd8+ Qxd8 26. Qc2 Bf6 27. h4 Qa8 28. Ne1 a5 29. f4 Bd4+ 30. Kh2 axb4 31. axb4 Qa1 32. Nf3 Bb6 33. Kh3 Bc8+ 34. Kh2 Bg4 35. Qb3 Bxf3 36. Bxf3 Qb2+ 37. Qxb2 cxb2 0-1

[Event "Chigorin Memorial 29th"]
[Site "St Petersburg"]
[Date "2022.10.28"]
[Round "7"]
[White "Shevtsov, Demyan"]
[Black "Savvateev, Artem"]
[Result "0-1"]
[WhiteElo "1363"]
[BlackElo "1551"]
[PlyCount "86"]
[EventDate "2022.10.22"]
[EventType "swiss"]
[EventRounds "9"]
[EventCountry "RUS"]
[SourceTitle "EXT 2024"]
[Source "ChessBase"]
[SourceDate "2023.10.10"]
[SourceVersion "1"]
[SourceVersionDate "2023.10.10"]
[SourceQuality "1"]

1. d4 Nf6 2. c4 g6 3. Nc3 Bg7 4. e4 d6 5. Nf3 0-0 6. Be2 e5 7. d5 a5 8. Bg5 Na6 9. Nd2 Bd7 10. 0-0 Qe8 11. b3 Kh8 12. Bxf6 Bxf6 13. Bg4 Bg5 14. Bxd7 Qxd7 15. Nf3 Bh6 16. Nh4 Rg8 17. Ne2 Nc5 18. Ng3 Raf8 19. Qe2 Qd8 20. Nf3 f5 21. exf5 gxf5 22. Rab1 Rg6 23. a3 Bg7 24. b4 axb4 25. axb4 Nd7 26. Rbd1 b6 27. Qc2 e4 28. Nd4 Bxd4 29. Rxd4 Ne5 30. f3 exf3 31. Rf4 Qg5 32. R4xf3 Nxf3+ 33. Rxf3 f4 34. Ne4 Qf5 35. Qc3+ Kg8 36. Qd3 Re8 37. Nc5 Qg5 38. g3 bxc5 39. bxc5 fxg3 40. Rxg3 Re3 41. Qxg6+ Qxg6 42. Rxg6+ hxg6 43. cxd6 cxd6 0-1

[Event "Chigorin Memorial 28th"]
[Site "St Petersburg"]
[Date "2021.10.31"]
[Round "9"]
[White "Shevtsov, Demyan"]
[Black "Danilova, Vesta"]
[Result "1-0"]
[WhiteElo "1462"]
[BlackElo "1252"]
[PlyCount "69"]
[EventDate "2021.10.23"]
[EventType "swiss"]
[EventRounds "9"]
[EventCountry "RUS"]
[SourceTitle "EXT 2023"]
[Source "ChessBase"]
[SourceDate "2022.10.05"]
[SourceVersion "1"]
[SourceVersionDate "2022.10.05"]
[SourceQuality "1"]

1. d4 d5 2. c4 e6 3. Nc3 Nf6 4. cxd5 exd5 5. Bg5 Be7 6. e3 Nbd7 7. Bd3 0-0 8. Nge2 h6 9. Bh4 b6 10. 0-0 Bb7 11. Rc1 Rc8 12. Nb5 a6 13. Na7 Ra8 14. Nc6 Bxc6 15. Rxc6 Re8 16. Bg3 Bd6 17. Bxd6 cxd6 18. Qc2 Nf8 19. Qb3 b5 20. Qa3 Ne4 21. Rxa6 Nd2 22. Bxb5 Rxa6 23. Qxa6 Re7 24. Rc1 Rc7 25. Rxc7 Qxc7 26. Qc6 Qe7 27. Qxd5 Ne6 28. Bd3 Qa7 29. Nc3 Qb6 30. Qb5 Qc7 31. d5 Nf8 32. Qc6 Qb8 33. Nb5 g6 34. Qxd6 Qa8 35. Qb4 1-0

[Event "Chigorin Memorial 28th"]
[Site "St Petersburg"]
[Date "2021.10.28"]
[Round "6"]
[White "Aseev, Vladimir"]
[Black "Shevtsov, Demyan"]
[Result "1-0"]
[WhiteElo "2019"]
[BlackElo "1462"]
[PlyCount "37"]
[EventDate "2021.10.23"]
[EventType "swiss"]
[EventRounds "9"]
[EventCountry "RUS"]
[SourceTitle "EXT 2023"]
[Source "ChessBase"]
[SourceDate "2022.10.05"]
[SourceVersion "1"]
[SourceVersionDate "2022.10.05"]
[SourceQuality "1"]

1. e4 e6 2. Nc3 d5 3. Nf3 Nf6 4. e5 Nfd7 5. d3 c5 6. Bf4 Nc6 7. g3 Qc7 8. Qe2 a6 9. Bg2 b5 10. 0-0 Be7 11. Nxd5 exd5 12. e6 Qb7 13. exd7+ Bxd7 14. Ng5 h6 15. Nxf7 Kxf7 16. Qh5+ Kf8 17. Bxd5 Be8 18. Qf5+ Bf6 19. Bd6+ 1-0

[Event "Chigorin Memorial 28th"]
[Site "St Petersburg"]
[Date "2021.10.23"]
[Round "1"]
[White "Shevtsov, Demyan"]
[Black "Galchenko, Vadim"]
[Result "0-1"]
[WhiteElo "1462"]
[BlackElo "2094"]
[PlyCount "58"]
[EventDate "2021.10.23"]
[EventType "swiss"]
[EventRounds "9"]
[EventCountry "RUS"]
[SourceTitle "EXT 2023"]
[Source "ChessBase"]
[SourceDate "2022.10.05"]
[SourceVersion "1"]
[SourceVersionDate "2022.10.05"]
[SourceQuality "1"]

1. d4 Nf6 2. c4 Nc6 3. Nf3 e6 4. Nc3 Bb4 5. a3 Bxc3+ 6. bxc3 d6 7. Qc2 0-0 8. e4 e5 9. d5 Nb8 10. h3 Nbd7 11. Be3 b6 12. Nd2 a5 13. a4 Nc5 14. Bd3 Bd7 15. Bxc5 bxc5 16. Nb1 Qe8 17. Qd1 Kh8 18. Bc2 Ng8 19. Na3 f5 20. Nb5 Qg6 21. g3 Rac8 22. exf5 Bxf5 23. Bxf5 Qxf5 24. Qe2 Nf6 25. g4 Qf4 26. Qe3 Qxc4 27. 0-0-0 Nxd5 28. Qd2 Nb6 29. g5 Nxa4 0-1

[Event "Barcelona Sants op 21st"]
[Site "Barcelona"]
[Date "2019.08.29"]
[Round "7"]
[White "Salvador Gomez, Jesus Francisco"]
[Black "Shevtsov, Demyan"]
[Result "1/2-1/2"]
[WhiteElo "1639"]
[BlackElo "1289"]
[PlyCount "215"]
[EventDate "2019.08.23"]
[EventType "swiss"]
[EventRounds "10"]
[EventCountry "ESP"]
[SourceTitle "EXT 2020"]
[Source "ChessBase"]
[SourceDate "2019.10.17"]
[SourceVersion "1"]
[SourceVersionDate "2019.10.17"]
[SourceQuality "1"]

1. c4 e6 2. g3 d5 3. cxd5 exd5 4. d4 Be7 5. Bg2 Nf6 6. Nc3 0-0 7. e3 Bf5 8. Nge2 c5 9. 0-0 c4 10. Nf4 Be4 11. f3 Bf5 12. g4 g5 13. Nfxd5 Bd3 14. Nxe7+ Qxe7 15. Re1 Nc6 16. Bf1 Nb4 17. Bxd3 cxd3 18. Rf1 Nc2 19. Qxd3 Nxa1 20. Qb1 h5 21. Rf2 Rac8 22. Qf5 Nh7 23. gxh5 Qf6 24. Qb1 b5 25. Qxa1 Qc6 26. Bd2 g4 27. f4 Nf6 28. Qb1 b4 29. d5 Qc4 30. Qf5 bxc3 31. Qg5+ Kh7 32. Bxc3 Qxd5 33. Qxf6 Rg8 34. Qe5 Rcd8 35. Qxd5 Rxd5 36. Kg2 Rxh5 37. f5 Rh3 38. e4 g3 39. hxg3 Rgxg3+ 40. Kf1 Re3 41. e5 Rhf3 42. Kg2 Rg3+ 43. Kf1 Re4 44. e6 Kg8 45. e7 Rxe7 46. Rh2 f6 47. Bxf6 Rh7 48. Rxh7 Kxh7 49. Kf2 Rg4 50. Kf3 Rg1 51. Bc3 Rf1+ 52. Ke4 Kg8 53. f6 Rd1 54. Bd4 a6 55. Kd5 Kf7 56. Kc4 Ke6 57. a4 Ra1 58. Kb4 Rd1 59. Kc5 Re1 60. Kb4 Rd1 61. Bc3 Rd5 62. Kc4 Rf5 63. b4 Kd6 64. Bd4 Ke6 65. a5 Rf4 66. Kd3 Kd5 67. Bb2 Rxb4 68. Bc3 Rf4 69. Ke3 Re4+ 70. Kd3 Rh4 71. Bd2 Rh3+ 72. Be3 Rf3 73. Ke2 Rxf6 74. Bb6 Ke4 75. Kd2 Rd6+ 76. Kc3 Rc6+ 77. Kd2 Rc4 78. Ba7 Kd5 79. Kd3 Rh4 80. Ke3 Rh3+ 81. Kf4 Kd6 82. Ke4 Rh4+ 83. Kd3 Kd5 84. Ke3 Kc6 85. Kd3 Rh3+ 86. Kc4 Rh4+ 87. Kc3 Kb5 88. Bb6 Rc4+ 89. Kb3 Rc1 90. Kb2 Rc4 91. Kb3 Rb4+ 92. Ka3 Kc4 93. Bd8 Rb3+ 94. Ka4 Rb1 95. Ka3 Rd1 96. Bc7 Rd7 97. Be5 Rd2 98. Bc7 Rc2 99. Bd8 Rc3+ 100. Ka4 Kc5 101. Bb6+ Kc6 102. Kb4 Rc1 103. Ka4 Ra1+ 104. Kb4 Rb1+ 105. Ka4 Rxb6 106. axb6 Kxb6 107. Ka3 Kb5 108. Ka2 1/2-1/2

[Event "RUS-chT U11"]
[Site "Sochi"]
[Date "2019.05.08"]
[Round "7.3"]
[White "Filippov, Andrei O"]
[Black "Shevtsov, Demyan"]
[Result "1-0"]
[WhiteElo "1447"]
[BlackElo "1293"]
[PlyCount "101"]
[EventDate "2019.05.01"]
[EventType "team-tourn"]
[EventRounds "9"]
[EventCountry "RUS"]
[SourceTitle "EXT 2022"]
[Source "ChessBase"]
[SourceDate "2021.10.06"]
[SourceVersion "1"]
[SourceVersionDate "2021.10.06"]
[SourceQuality "1"]

1. e4 d5 2. exd5 Qxd5 3. Nc3 Qd6 4. Nf3 c6 5. d4 Nf6 6. Be2 Bg4 7. Be3 e6 8. Qd2 Qc7 9. h3 Bh5 10. g4 Bg6 11. Ne5 Bb4 12. Nxg6 hxg6 13. Bf4 Qd7 14. Bxb8 Rxb8 15. Bf3 Nd5 16. Bxd5 cxd5 17. h4 Rc8 18. Rh3 Bxc3 19. Rxc3 Rxc3 20. Qxc3 Rxh4 21. 0-0-0 Rxg4 22. Rh1 Qc6 23. Rh8+ Kd7 24. Qf3 Rg1+ 25. Kd2 Ke7 26. Qa3+ Qd6 27. Re8+ Kxe8 28. Qxd6 Rg2 29. Qb8+ Ke7 30. Qxb7+ Kf6 31. Ke2 g5 32. Qxa7 g4 33. Qa3 Kg6 34. Kf1 Rh2 35. Qg3 Rh5 36. Qxg4+ Kh6 37. a4 g5 38. Qxh5+ Kxh5 39. a5 f5 40. a6 Kg4 41. a7 f4 42. a8Q Kf5 43. Qb8 Kg4 44. Qe5 f3 45. Qxe6+ Kh4 46. Kg1 Kh5 47. Kh2 g4 48. Qg8 Kh4 49. b4 Kh5 50. Kg3 Kh6 51. Kf4 1-0

[Event "RUS-chT U11"]
[Site "Sochi"]
[Date "2019.05.05"]
[Round "5.3"]
[White "Maksimov, Mikhail"]
[Black "Shevtsov, Demyan"]
[Result "1-0"]
[WhiteElo "1135"]
[BlackElo "1293"]
[PlyCount "147"]
[EventDate "2019.05.01"]
[EventType "team-tourn"]
[EventRounds "9"]
[EventCountry "RUS"]
[SourceTitle "EXT 2022"]
[Source "ChessBase"]
[SourceDate "2021.10.06"]
[SourceVersion "1"]
[SourceVersionDate "2021.10.06"]
[SourceQuality "1"]

1. e4 e6 2. d4 d5 3. e5 c5 4. c3 Nc6 5. Nf3 Bd7 6. Be2 Qb6 7. a3 cxd4 8. cxd4 Nge7 9. b4 Nf5 10. Bb2 Be7 11. 0-0 0-0 12. Re1 a5 13. b5 Na7 14. a4 Bb4 15. Bc3 Bxc3 16. Nxc3 Rac8 17. Rc1 Rc7 18. Bd3 Rfc8 19. Ne2 Rxc1 20. Nxc1 Ne7 21. Nb3 Ng6 22. Qd2 Qd8 23. Nxa5 b6 24. Nb7 Qe7 25. Nd6 Ra8 26. Ng5 Be8 27. f4 f5 28. Nxe8 Qxe8 29. Rc1 h6 30. Nf3 Nc8 31. Bc2 Nce7 32. Ne1 Nh4 33. Qf2 Nhg6 34. Bb3 Nf8 35. Nd3 Nfg6 36. Nb4 Kh8 37. Rc2 Rc8 38. g3 Nf8 39. Rxc8 Qxc8 40. Qc2 Qxc2 41. Nxc2 Nd7 42. Kf2 Kg8 43. Nb4 Nb8 44. Ke3 Kf8 45. Nc2 Ke8 46. Ba2 Kd7 47. Na1 Kc7 48. Nb3 Kb7 49. h4 Ng6 50. a5 bxa5 51. Nc5+ Kb6 52. Nxe6 Kxb5 53. Bxd5 a4 54. Kd3 Kb4 55. Nxg7 Ne7 56. Be6 a3 57. Kc2 Nbc6 58. d5 Nd4+ 59. Kb1 Nxe6 60. Nxe6 Nxd5 61. Nd4 Kc4 62. Nxf5 Kb3 63. e6 Nb4 64. Ne3 Nc6 65. Nc2 a2+ 66. Kc1 Nb4 67. Na1+ Kc3 68. e7 Nd3+ 69. Kd1 Kb2 70. e8Q Kxa1 71. Qb5 Ne5 72. Qxe5+ Kb1 73. Qb5+ Ka1 74. Kc1 1-0